000 00311nam a22001097a 4500
008 170112b xxu||||| |||| 00| 0 eng d
020 _a9780803606166
041 _aeng
080 _a618.2
245 _aCRITICAL THINKING: AN ITNERACTIVE TOOL FOR LEARNING MEDICAL-SURGICAL NURSING
_cVANETZIAN, E.V
942 _2udc
_cBK
999 _c2829
_d2829